• 首页
  • 本馆介绍
  • 公告通知
  • 最新文献
  • 馆藏检索
  • 电子资源
  • 读者导购
  • 参考咨询
  • 我的图书馆
  • 登录
  • 详细信息显示
  • 放入我的书架
  • 预约/预借图书
  • 作者相关作品
  • 分类相关作品
  • 丛书相关作品
  • 出版社相关作品

书目信息

  • 表格格式
  • 工作单格式
  • 卡片格式
题名:
龙头企业与农户心理契约治理机制研究
    
 
作者: 蔡文著 著
分册:  
出版信息: 北京   经济管理出版社  2016
页数: 167页
开本: 24cm
丛书名:
单 册:
中图分类: F324 , F325.15
科图分类:
主题词: 农业企业--龙头企业--关系--农户--管理心理学--研究--中国
电子资源:
ISBN: 978-7-5096-4271-9
000 01383nam0 2200277 450
001 2373742660
005 20231203202915.92
010    @a978-7-5096-4271-9@dCNY52.00
100    @a20170209d2016 em y0chiy50 ea
101 0  @achi
102    @aCN@b110000
105    @aak a 000yy
200 1  @a龙头企业与农户心理契约治理机制研究@Along tou qi ye yu nong hu xin li qi yue zhi li ji zhi yan jiu@d= Research on governance mechanism of the psychological contracts between leading enterprises and farmers@f蔡文著著@zeng
210    @a北京@c经济管理出版社@d2016
215    @a167页@c图@d24cm
300    @a国家自然科学基金项目“农产品营销中心理契约治理机制对渠道绩效影响机理研究--基于江西省龙头企业与农户合作的追踪调研”(项目批准号: 71162011) 资助
314    @a蔡文著, 江西省湖口县人, 江西财经大学工商管理学院教授等。
320    @a有书目 (第142-165页)
330    @a本书对心理契约治理机制的概念、模型及其测量问题进行了初步的探索, 为进一步深入地研究与完善心理契约治理机制的理论内容, 以及剖析心理契约治理机制对于渠道绩效的影响机理问题奠定基础。
510 1  @aResearch on governance mechanism of the psychological contracts between leading enterprises and farmers@zeng
606 0  @a农业企业@x龙头企业@x关系@x农户@x管理心理学@x研究@y中国
690    @aF324@v5
690    @aF325.15@v5
701  0 @a蔡文著@Acai wen zhu@4著
801  0 @aCN@b湖北三新@c20170209
905    @aZUCC@dF324@e155
    
    龙头企业与农户心理契约治理机制研究= Research on governance mechanism of the psychological contracts between leading enterprises and farmers/蔡文著著.-北京:经济管理出版社,2016
    167页:图;24cm
    国家自然科学基金项目“农产品营销中心理契约治理机制对渠道绩效影响机理研究--基于江西省龙头企业与农户合作的追踪调研”(项目批准号: 71162011) 资助
    
    ISBN 978-7-5096-4271-9:CNY52.00
    本书对心理契约治理机制的概念、模型及其测量问题进行了初步的探索, 为进一步深入地研究与完善心理契约治理机制的理论内容, 以及剖析心理契约治理机制对于渠道绩效的影响机理问题奠定基础。
●
相关链接 在五车中查询图书 在当当中查询图书 在豆瓣中查询图书


正题名:龙头企业与农户心理契约治理机制研究     索取号:F324/155         预约/预借

序号 登录号 条形码 馆藏地/架位号 状态 备注
1 2001329369   2001329369   322书库/ [索取号:F324/155] 在馆    
2 2001329370   2001329370   322书库/ [索取号:F324/155] 在馆    
3 2001329371   2001329371   322书库/ [索取号:F324/155] 在馆    
4 2001329372   2001329372   322书库/ [索取号:F324/155] 在馆    
5 2001329373   2001329373   322书库/ [索取号:F324/155] 在馆    
6 2001329374   2001329374   322书库/ [索取号:F324/155] 在馆    
7 2001329375   2001329375   322书库/ [索取号:F324/155] 在馆    
8 2001329376   2001329376   322书库/ [索取号:F324/155] 在馆    
9 2001329377   2001329377   322书库/ [索取号:F324/155] 在馆    
10 2001329378   2001329378   322书库/ [索取号:F324/155] 在馆    
11 2001329379   2001329379   322书库/ [索取号:F324/155] 在馆    
12 2001329380   2001329380   322书库/ [索取号:F324/155] 在馆    
13 2001329381   2001329381   322书库/ [索取号:F324/155] 在馆    
14 2001329382   2001329382   315书库/ [索取号:F324/155] 在馆    
15 2001329383   2001329383   315书库/ [索取号:F324/155] 在馆    
16 2001329384   2001329384   315书库/ [索取号:F324/155] 在馆    
17 2001329385   2001329385   315书库/ [索取号:F324/155] 在馆    
18 2001329386   2001329386   315书库/ [索取号:F324/155] 在馆    
19 2001329387   2001329387   315书库/ [索取号:F324/155] 在馆    
20 2001329388   2001329388   322书库/ [索取号:F324/155] 在馆    
21 2001329389   2001329389   322书库/ [索取号:F324/155] 在馆    
22 2001329390   2001329390   322书库/ [索取号:F324/155] 在馆    
23 2001329391   2001329391   322书库/ [索取号:F324/155] 在馆    
24 2001329392   2001329392   322书库/ [索取号:F324/155] 在馆    
25 2001329393   2001329393   322书库/ [索取号:F324/155] 在馆    
26 2001329394   2001329394   322书库/ [索取号:F324/155] 在馆    
27 2001329395   2001329395   322书库/ [索取号:F324/155] 在馆    
28 2001329396   2001329396   322书库/ [索取号:F324/155] 在馆    
29 2001329397   2001329397   322书库/ [索取号:F324/155] 在馆    
30 2001329398   2001329398   322书库/ [索取号:F324/155] 在馆    
山东省滨州职业学院图书馆 欢迎您!
大连网信软件有限公司© 版权所有